000 00609nam a2200229 a 4500
003 OSt
005 20140310182823.0
008 100716s19uu xx 00 eng d
050 _aQA152.2
_b.D867
082 _aIB 512.9
_bD87 2006
100 _aDugopolski, Mark
245 _aAlgebra for college students.
_cMark Dugopolski
250 _a4th
260 _aPhilippines
_bC and E Publishing Inc
_c2006
300 _a739
_bill.
526 _bIB Students
541 _j1
562 _e1
650 _aAlgebra
942 _2lcc
_cIB
_kIB
999 _c16434
_d16434